| 000 | 00651nam a2200193 a 4500 | ||
|---|---|---|---|
| 005 | 20230601063814.0 | ||
| 008 | 991125s1978 mx 000 0 spa u | ||
| 035 | _aUPN01000055174 | ||
| 049 | _aCG | ||
| 050 | 4 |
_aLE7.6331 _bU23 |
|
| 110 | 2 |
_aUniversidad Juárez Autónoma de Tabasco _931564 |
|
| 245 | 1 | 0 |
_aTabasco : _binformación básica / _cUniversidad Juárez Autónoma de Tabasco. |
| 260 |
_aTabasco : _bUJAT, _c[1978?]. |
||
| 300 | _a50 h. | ||
| 610 | 2 | 4 |
_aUNIVERSIDAD JUAREZ AUTONOMA DE TABASCO - _xHISTORIA |
| 610 | 2 | 4 |
_aUNIVERSIDAD JUAREZ AUTONOMA DE TABASCO - _xLEYES Y LEGISLACION |
| 651 | 7 |
_aTabasco _xHistoria _2 _914423 |
|
| 905 | _aLibro | ||
| 999 |
_c55174 _d55174 |
||